[Event "Mumbai Wealth op 3rd"]
[Site "Mumbai"]
[Date "2018.01.07"]
[Round "9"]
[White "Sai, Krishna S"]
[Black "Phadke, Sohan"]
[Result "0-1"]
[WhiteElo "1899"]
[BlackElo "2189"]
[PlyCount "63"]
[EventDate "2017.12.30"]
[EventType "swiss"]
[EventRounds "9"]
[EventCountry "IND"]
[SourceTitle "CBM 182 Extra"]
[Source "ChessBase"]
[SourceDate "2018.02.23"]
[SourceVersion "1"]
[SourceVersionDate "2018.02.23"]
[SourceQuality "1"]

1. Nf3 e6 2. g3 f5 3. Bg2 Nf6 4. d4 d5 5. 0-0 Bd6 6. c3 Nbd7 7. Bg5 h6 8. Bxf6 Qxf6 9. e3 c6 10. Ne1 h5 11. f4 h4 12. Nf3 hxg3 13. hxg3 Qg6 14. Qe1 Nf6 15. Nbd2 Bd7 16. Ng5 0-0-0 17. Ndf3 Ne4 18. c4 Kb8 19. a4 Qh5 20. Nh3 Qg4 21. Nfg5 Nxg3 22. Rf3 Ne4 23. Nxe4 dxe4 24. Rg3 Qh4 25. c5 Bf8 26. a5 a6 27. Ra3 Bc8 28. Rb3 Be7 29. Rc3 e5 30. fxe5 g5 31. Kf1 f4 32. Qd1 0-1

[Event "Mumbai Wealth op 3rd"]
[Site "Mumbai"]
[Date "2018.01.06"]
[Round "8"]
[White "Abhay, Bandewar"]
[Black "Sai, Krishna S"]
[Result "0-1"]
[WhiteElo "1690"]
[BlackElo "1899"]
[PlyCount "114"]
[EventDate "2017.12.30"]
[EventType "swiss"]
[EventRounds "9"]
[EventCountry "IND"]
[SourceTitle "CBM 182 Extra"]
[Source "ChessBase"]
[SourceDate "2018.02.23"]
[SourceVersion "1"]
[SourceVersionDate "2018.02.23"]
[SourceQuality "1"]

1. d4 d5 2. c4 c6 3. Nc3 Nf6 4. Nf3 e6 5. Bg5 Nbd7 6. g3 dxc4 7. Bg2 Be7 8. 0-0 h6 9. Bxf6 Bxf6 10. e4 0-0 11. e5 Be7 12. Qc2 Rb8 13. a4 a5 14. Nd2 c5 15. Nxc4 cxd4 16. Nb5 Nc5 17. Rfd1 d3 18. Qc3 b6 19. Bf1 Qe8 20. b3 Qc6 21. Na7 Qc7 22. Nb5 Qc6 23. Na7 Qe8 24. Nxc8 Qxc8 25. Bxd3 f5 26. f3 Qc6 27. Be2 Rfc8 28. Nd6 Rd8 29. Bc4 Bxd6 30. Bxe6+ Kh8 31. exd6 Rxd6 32. Rxd6 Qxd6 33. Bxf5 Nxb3 34. Qxb3 Qd4+ 35. Kg2 Qxa1 36. Bb1 Qf6 37. Qc2 g6 38. Qd2 Kg7 39. Qd7+ Qf7 40. Qd4+ Kh7 41. Bd3 Rf8 42. f4 Qf6 43. Qe4 Rf7 44. h4 Re7 45. Qf3 Kg7 46. Kh3 h5 47. f5 Rd7 48. Bc2 Rc7 49. Bd3 Re7 50. Bc2 Rf7 51. Bd3 Qc3 52. Qd5 gxf5 53. Bc4 Qf6 54. Qxf7+ Qxf7 55. Bxf7 Kxf7 56. Kg2 Ke6 57. Kf3 b5 0-1

[Event "Mumbai Wealth op 3rd"]
[Site "Mumbai"]
[Date "2018.01.04"]
[Round "6"]
[White "Deshpande, Sumit Satish"]
[Black "Sai, Krishna S"]
[Result "0-1"]
[WhiteElo "1498"]
[BlackElo "1899"]
[PlyCount "66"]
[EventDate "2017.12.30"]
[EventType "swiss"]
[EventRounds "9"]
[EventCountry "IND"]
[SourceTitle "CBM 182 Extra"]
[Source "ChessBase"]
[SourceDate "2018.02.23"]
[SourceVersion "1"]
[SourceVersionDate "2018.02.23"]
[SourceQuality "1"]

1. e4 c6 2. Nc3 g6 3. Nf3 Bg7 4. d4 d6 5. h3 Nf6 6. Bd3 Qc7 7. 0-0 Nbd7 8. Re1 e5 9. d5 cxd5 10. exd5 a6 11. Be3 0-0 12. Nd2 b5 13. a3 Bb7 14. Rc1 Nb6 15. Nde4 Nfxd5 16. Bxb6 Nxb6 17. Be2 d5 18. Ng3 Rac8 19. h4 f5 20. h5 Bh6 21. hxg6 hxg6 22. Bd3 e4 23. Bf1 f4 24. Nge2 Bg7 25. Nd4 Qe5 26. Nf3 Qh5 27. Nd4 f3 28. Ne6 Be5 29. g3 Rf7 30. Nxe4 dxe4 31. Nf4 Bxf4 32. gxf4 Qg4+ 33. Kh2 Rh7+ 0-1

[Event "Odisha Keshabananda Memorial 2nd"]
[Site "Odisha"]
[Date "2013.08.18"]
[Round "1"]
[White "Sai, Krishna S"]
[Black "Gusain, Himal"]
[Result "0-1"]
[WhiteElo "2067"]
[BlackElo "2315"]
[PlyCount "52"]
[EventDate "2013.08.18"]
[EventType "swiss"]
[EventRounds "7"]
[EventCountry "IND"]
[SourceTitle "CBM 156 Extra"]
[Source "ChessBase"]
[SourceDate "2013.10.22"]
[SourceVersion "1"]
[SourceVersionDate "2013.10.22"]
[SourceQuality "1"]

1. d4 d5 2. c4 e6 3. Nf3 c6 4. e3 Bd6 5. Nc3 f5 6. Bd3 Nf6 7. c5 Bc7 8. b4 0-0 9. a4 Ne4 10. Ne2 Nd7 11. Nd2 e5 12. Nf3 Nxf2 13. Kxf2 e4 14. Bc2 exf3 15. Kxf3 Nf6 16. g3 Bd7 17. Bd3 Qe7 18. Re1 Rae8 19. Nf4 g5 20. Ne2 Ng4 21. Ng1 f4 22. gxf4 Nxh2+ 23. Kg2 gxf4 24. Qh5 Bg4 25. Qh6 f3+ 26. Kf2 Bf4 0-1

[Event "Asia-ch U10"]
[Site "Tehran"]
[Date "2006.06.29"]
[Round "8"]
[White "Chakravarthi, YVK"]
[Black "Sai, Krishna S"]
[Result "0-1"]
[WhiteElo "1958"]
[BlackElo "2111"]
[PlyCount "96"]
[EventDate "2006.06.24"]
[EventType "swiss"]
[EventRounds "9"]
[EventCountry "IRI"]
[SourceTitle "CBM 113 Extra"]
[Source "ChessBase"]
[SourceDate "2006.09.14"]
[SourceVersion "1"]
[SourceVersionDate "2006.09.14"]
[SourceQuality "1"]

1. d4 Nf6 2. c4 g6 3. Nc3 Bg7 4. e4 d6 5. f3 0-0 6. Be3 Nc6 7. Nge2 a6 8. Qd2 Rb8 9. g4 b5 10. 0-0-0 bxc4 11. Ng3 e5 12. dxe5 Nxe5 13. g5 Nfd7 14. f4 Nc6 15. h4 Nb6 16. h5 Bg4 17. Re1 Qd7 18. hxg6 fxg6 19. f5 Be5 20. Bxb6 Rxb6 21. Bxc4+ Kh8 22. Nge2 Qg7 23. f6 Qd7 24. f7 Na5 25. Bd5 c6 26. Nf4 Rxb2 27. Kxb2 cxd5 28. Nxg6+ Kg7 29. Nxe5 dxe5 30. Qxd5 Qc7 31. Kc2 Nc6 32. a3 Nd4+ 33. Kd3 Be6 34. g6 hxg6 35. Qxe6 Nxe6 36. Nd5 Qxf7 37. Re3 Nf4+ 38. Nxf4 exf4 39. Reh3 Rd8+ 40. Ke2 f3+ 41. Kf2 Rd2+ 42. Ke3 Re2+ 43. Kd4 Qf6+ 44. Kd3 Qd6+ 45. Kc3 Qc5+ 46. Kd3 Re3+ 47. Kd2 Qc3+ 48. Kd1 Rd3# 0-1

[Event "Commonwealth-ch"]
[Site "Mumbai"]
[Date "2004.01.14"]
[Round "5"]
[White "Sai, Krishna S"]
[Black "Girinath, PDS"]
[Result "0-1"]
[WhiteElo "1951"]
[BlackElo "2368"]
[PlyCount "71"]
[EventDate "2004.01.10"]
[EventType "swiss"]
[EventRounds "9"]
[EventCountry "IND"]
[SourceTitle "EXT 2006"]
[Source "ChessBase"]
[SourceDate "2005.11.24"]
[SourceVersion "1"]
[SourceVersionDate "2005.11.24"]
[SourceQuality "1"]

1. d4 f5 2. c4 Nf6 3. g3 e6 4. Bg2 Be7 5. Nf3 0-0 6. 0-0 d6 7. Nc3 a5 8. Qc2 Nc6 9. Rd1 Qe8 10. a3 e5 11. d5 Nb8 12. Nb5 Na6 13. b3 Qh5 14. h3 h6 15. e3 Bd7 16. a4 g5 17. Qe2 Rae8 18. Ba3 Ne4 19. Rac1 Bd8 20. Nfd4 Qxe2 21. Nxe2 Nec5 22. Bxc5 Nxc5 23. Rb1 Re7 24. Rb2 Rg7 25. Kh2 h5 26. f3 g4 27. hxg4 hxg4 28. f4 Bxb5 29. cxb5 Bf6 30. Rbb1 Re8 31. Rf1 exf4 32. Nxf4 Rh7+ 33. Kg1 Rxe3 34. Rbd1 Rxg3 35. Ne2 Re3 36. Rxf5 0-1

[Event "Commonwealth-ch"]
[Site "Mumbai"]
[Date "2004.01.13"]
[Round "4"]
[White "Palit, Somak"]
[Black "Sai, Krishna S"]
[Result "1-0"]
[WhiteElo "2348"]
[BlackElo "1951"]
[PlyCount "70"]
[EventDate "2004.01.10"]
[EventType "swiss"]
[EventRounds "9"]
[EventCountry "IND"]
[SourceTitle "EXT 2006"]
[Source "ChessBase"]
[SourceDate "2005.11.24"]
[SourceVersion "1"]
[SourceVersionDate "2005.11.24"]
[SourceQuality "1"]

1. e4 d6 2. d4 Nf6 3. Nc3 g6 4. Be3 Bg7 5. f3 c6 6. Qd2 b5 7. g4 Qa5 8. g5 Nfd7 9. h4 a6 10. h5 e6 11. hxg6 hxg6 12. Rxh8+ Bxh8 13. Qh2 Bg7 14. Qxd6 c5 15. Nge2 Bb7 16. dxc5 Nc6 17. Nd4 Bxd4 18. Bxd4 0-0-0 19. 0-0-0 b4 20. Nd5 Nde5 21. Bxe5 Rxd6 22. Bxd6 Qxa2 23. Nb6+ Kd8 24. Be5+ Ke8 25. Bf6 Qa1+ 26. Kd2 Qa5 27. Nc4 Qxc5 28. Kc1 b3 29. cxb3 e5 30. Kb1 Nd4 31. Bxe5 Ne6 32. Bf6 Bc6 33. Nd6+ Kf8 34. Bc4 Ng7 35. Nxf7 Ne8 1-0

[Event "Commonwealth-ch"]
[Site "Mumbai"]
[Date "2004.01.10"]
[Round "1"]
[White "Sai, Krishna S"]
[Black "Lakshmi, Praneetha K"]
[Result "1-0"]
[WhiteElo "1951"]
[BlackElo "1970"]
[PlyCount "59"]
[EventDate "2004.01.10"]
[EventType "swiss"]
[EventRounds "9"]
[EventCountry "IND"]
[SourceTitle "EXT 2006"]
[Source "ChessBase"]
[SourceDate "2005.11.24"]
[SourceVersion "1"]
[SourceVersionDate "2005.11.24"]
[SourceQuality "1"]

1. d4 Nf6 2. c4 g6 3. Nc3 Bg7 4. e4 d6 5. Be2 0-0 6. Bg5 Nbd7 7. Qd2 c5 8. d5 a6 9. Nf3 Rb8 10. a4 Nb6 11. h3 e6 12. a5 Na8 13. 0-0 b6 14. dxe6 Bxe6 15. Rfd1 bxa5 16. Bf4 Qb6 17. Bxd6 Rfd8 18. Nd5 Rxd6 19. Nxf6+ Bxf6 20. Qxd6 Qxb2 21. e5 Rd8 22. Qxa6 Nc7 23. Qc6 Qxe2 24. Re1 Qxc4 25. exf6 Nd5 26. Rxe6 fxe6 27. Qxe6+ Kh8 28. Ne5 Qe4 29. Nf7+ Kg8 30. Nh6+ 1-0